2006 annual report : Helping to eliminate poverty and achieve sustainable development through public-private partnerships in infrastrucre
Contents of the book include: Framing infrastructure development strategies to take full advantage of the potential for private involvement; building consensus on appropriate policy, regulatory, and institutional reforms; designing and implementing spacific policy, regulatory and institutional refor...
Сохранить в:
| Соавтор: | |
|---|---|
| Формат: | |
| Язык: | Undetermined |
| Опубликовано: |
Washington, D.C.
PPIAF
2006
|
| Предметы: | |
| Метки: |
Добавить метку
Нет меток, Требуется 1-ая метка записи!
|
| Thư viện lưu trữ: | Trung tâm Học liệu Trường Đại học Cần Thơ |
|---|
| LEADER | 01142nam a2200217Ia 4500 | ||
|---|---|---|---|
| 001 | CTU_125498 | ||
| 008 | 210402s9999 xx 000 0 und d | ||
| 082 | |a 338.9 | ||
| 082 | |b P976 | ||
| 110 | |a PPIAF (Public Private Infrastructure Advisory Facility) | ||
| 245 | 0 | |a 2006 annual report : | |
| 245 | 0 | |b Helping to eliminate poverty and achieve sustainable development through public-private partnerships in infrastrucre | |
| 245 | 0 | |c PPIAF (Public Private Infrastructure Advisory Facility) | |
| 260 | |a Washington, D.C. | ||
| 260 | |b PPIAF | ||
| 260 | |c 2006 | ||
| 520 | |a Contents of the book include: Framing infrastructure development strategies to take full advantage of the potential for private involvement; building consensus on appropriate policy, regulatory, and institutional reforms; designing and implementing spacific policy, regulatory and institutional reforms. | ||
| 650 | |a Public-private sector cooperation,Economic development projects,Sustainable development,Infrastructure (Economics) | ||
| 650 | |x Periodicals,Periodicals,Periodicals | ||
| 904 | |i Minh | ||
| 980 | |a Trung tâm Học liệu Trường Đại học Cần Thơ | ||